Statistiken für Weltführer #10

Klicken Sie hier um das Quiz zu spielen!

Allgemein

  • Dieses Quiz wurde 80 mal gespielt
  • Das Durchschnittsergebnis liegt bei 10 aus 14

Antwortstatistiken

Führer von. ..Land% Korrekt
Emmanuel MacronFrankreich
97%
Lech WałęsaPolen
93%
AkihitoJapan
89%
Olof PalmeSchweden
89%
Augusto PinochetChile
86%
Woodrow WilsonVereinigte Staaten
84%
Albert IIMonaco
82%
Gamal Abdel NasserÄgypten
73%
Evo MoralesBolivien
65%
Malcolm TurnbullAustralien
64%
António de Oliveira SalazarPortugal
64%
Jacob ZumaSüdafrika
62%
Mary RobinsonIrland
53%
Patrice LumumbaDemokratische Republik Kongo
41%

Verteilung der Resultate

Perzentil nach korrekt beantworteten Fragen

Anzahl Personen mit jedem Resultat

Ihre Resultats-Entwicklung

Sie haben dieses Quiz noch nicht gespielt